[Event "RSA-ch U10 Girls"]
[Site "Gauteng"]
[Date "2017.04.11"]
[Round "11"]
[White "Snyders, Meya"]
[Black "Myaka, Silungile"]
[Result "1-0"]
[WhiteElo "881"]
[BlackElo "589"]
[PlyCount "31"]
[EventDate "2017.04.05"]
[EventType "swiss"]
[EventRounds "11"]
[EventCountry "RSA"]
[SourceTitle "CBM 177 Extra"]
[Source "ChessBase"]
[SourceDate "2017.04.27"]
[SourceVersion "1"]
[SourceVersionDate "2017.04.27"]
[SourceQuality "1"]

1. d4 Nf6 2. Nc3 Nc6 3. d5 Ne5 4. e4 c6 5. dxc6 dxc6 6. Qxd8+ Kxd8 7. Be3 Ned7 8. Nf3 e5 9. Rd1 Bc5 10. Bxc5 b6 11. Be3 Ke8 12. g3 Nc5 13. Bxc5 bxc5 14. Ng5 Bb7 15. Bh3 Bc8 16. Rd8+ 1-0

[Event "RSA-ch U10 Girls"]
[Site "Gauteng"]
[Date "2017.04.08"]
[Round "6"]
[White "Boshoma, Chisomo"]
[Black "Myaka, Silungile"]
[Result "0-1"]
[WhiteElo "564"]
[BlackElo "589"]
[PlyCount "40"]
[EventDate "2017.04.05"]
[EventType "swiss"]
[EventRounds "11"]
[EventCountry "RSA"]
[SourceTitle "CBM 177 Extra"]
[Source "ChessBase"]
[SourceDate "2017.04.27"]
[SourceVersion "1"]
[SourceVersionDate "2017.04.27"]
[SourceQuality "1"]

1. e4 d5 2. Nc3 Nf6 3. Nf3 dxe4 4. Ne5 Nc6 5. Bb5 Bd7 6. Nxd7 Nxd7 7. Nxe4 a6 8. Bc4 b5 9. Bd5 Nde5 10. Nc3 b4 11. Bxc6+ Nxc6 12. Ne4 Qd4 13. Qe2 e5 14. 0-0 f5 15. Ng5 Be7 16. Ne6 Qe4 17. Nxg7+ Kd8 18. Ne6+ Kd7 19. Nc5+ Bxc5 20. Qxe4 fxe4 0-1

[Event "RSA-ch U10 Girls"]
[Site "Gauteng"]
[Date "2017.04.06"]
[Round "3"]
[White "Malan, Jane"]
[Black "Myaka, Silungile"]
[Result "0-1"]
[WhiteElo "699"]
[BlackElo "589"]
[PlyCount "25"]
[EventDate "2017.04.05"]
[EventType "swiss"]
[EventRounds "11"]
[EventCountry "RSA"]
[SourceTitle "CBM 177 Extra"]
[Source "ChessBase"]
[SourceDate "2017.04.27"]
[SourceVersion "1"]
[SourceVersionDate "2017.04.27"]
[SourceQuality "1"]

1. e4 Nc6 2. Nf3 d5 3. e5 f6 4. exf6 exf6 5. Qe2+ Be7 6. Qd1 Bd6 7. Bb5 Qe7+ 8. Be2 Bd7 9. 0-0 0-0-0 10. Bb5 a6 11. Ba4 b5 12. Bb3 Nb4 13. Re1 0-1

[Event "RSA-ch U10 Girls"]
[Site "Gauteng"]
[Date "2017.04.05"]
[Round "1"]
[White "Myaka, Silungile"]
[Black "Ellis, Catherine"]
[Result "0-1"]
[WhiteElo "589"]
[BlackElo "830"]
[PlyCount "56"]
[EventDate "2017.04.05"]
[EventType "swiss"]
[EventRounds "11"]
[EventCountry "RSA"]
[SourceTitle "CBM 177 Extra"]
[Source "ChessBase"]
[SourceDate "2017.04.27"]
[SourceVersion "1"]
[SourceVersionDate "2017.04.27"]
[SourceQuality "1"]

1. d4 Nf6 2. Nf3 g6 3. e4 Bg7 4. Be3 0-0 5. Qd2 d6 6. Bh6 Bxh6 7. Qxh6 e5 8. dxe5 dxe5 9. Nxe5 Nbd7 10. Qg5 Qe7 11. f4 Nc5 12. Bb5 Ncxe4 13. Qh4 Qb4+ 14. Nc3 Nxc3 15. bxc3 Qxc3+ 16. Ke2 Qxc2+ 17. Kf3 Qe4+ 18. Kg3 Qe3+ 19. Nf3 Nh5+ 20. Qxh5 gxh5 21. Rae1 Qb6 22. Rb1 Kh8 23. Ne5 Rg8+ 24. Kf3 Qe6 25. Bc4 Qf6 26. Nxf7+ Kg7 27. Ne5 Rf8 28. Nf7 Qc3+ 0-1